[Event "Davos Summer op 21st"]
[Site "Davos"]
[Date "2022.08.06"]
[Round "3"]
[White "Carda, Andreas"]
[Black "Carda, Christian Michael"]
[Result "0-1"]
[WhiteElo "1068"]
[BlackElo "1436"]
[PlyCount "58"]
[EventDate "2022.08.05"]
[EventType "swiss"]
[EventRounds "5"]
[EventCountry "SUI"]
[SourceTitle "CBM 209 Extra"]
[Source "ChessBase"]
[SourceDate "2022.09.30"]
[SourceVersion "1"]
[SourceVersionDate "2022.09.30"]
[SourceQuality "1"]

1. e4 e5 2. Nc3 Nc6 3. Nf3 Bb4 4. Nd5 Nf6 5. Nxb4 Nxb4 6. Nxe5 Qe7 7. d4 d6 8. Bb5+ c6 9. Nd3 Qxe4+ 10. Be3 Nxd3+ 11. Bxd3 Qxg2 12. Kd2 Ne4+ 13. Bxe4 Qxe4 14. f3 Qd5 15. b3 Bf5 16. c4 Qa5+ 17. Ke2 0-0-0 18. Qd2 Qc7 19. d5 c5 20. b4 b6 21. a3 Qe7 22. Kf2 Qh4+ 23. Ke2 Qxc4+ 24. Ke1 Rhe8 25. h4 Re5 26. Rc1 Qxd5 27. Rd1 Qxf3 28. Rf1 Rxe3+ 29. Qxe3 Qxe3# 0-1